| Tag |
First Indicator |
Second Indicator |
Subfields |
| LEADER |
00000cam a2200000 a 4500 |
| 001 |
in00000975755 |
| 005 |
20150927111540.0 |
| 008 |
900313s1990 wb a b 10010 eng |
| 010 |
|
|
|a 90009675
|
| 020 |
|
|
|a 3540502041
|
| 020 |
|
|
|a 0387502041 (U.S.)
|
| 035 |
|
|
|a (OCoLC)21338050
|
| 035 |
|
|
|9 AEW1757AM
|
| 040 |
|
|
|a DLC
|c DLC
|d TXA
|d UtOrBLW
|
| 049 |
|
|
|a TXAM
|
| 050 |
0 |
0 |
|a QA913
|b .I97 1989
|
| 082 |
0 |
0 |
|a 532/.0527
|2 20
|
| 111 |
2 |
|
|a IUTAM Symposium
|d (1989 :
|c Zurich, Switzerland)
|
| 245 |
1 |
0 |
|a Structure of turbulence and drag reduction :
|b IUTAM Symposium, Zurich, Switzerland, July 25-28, 1989 /
|c A. Gyr (editor).
|
| 264 |
|
1 |
|a Berlin ;
|a New York :
|b Springer-Verlag,
|c [1990]
|
| 264 |
|
4 |
|c ©1990
|
| 300 |
|
|
|a xxvi, 610 pages :
|b illustrations ;
|c 25 cm.
|
| 336 |
|
|
|a text
|b txt
|2 rdacontent
|
| 337 |
|
|
|a unmediated
|b n
|2 rdamedia
|
| 338 |
|
|
|a volume
|b nc
|2 rdacarrier
|
| 500 |
|
|
|a At head of title: International Union of Theoretical and Applied Mechanics.
|
| 504 |
|
|
|a Includes bibliographical references.
|
| 650 |
|
0 |
|a Turbulence
|v Congresses.
|
| 650 |
|
0 |
|a Frictional resistance (Hydrodynamics)
|x Congresses.
|
| 700 |
1 |
|
|a Gyr, Albert.
|
| 710 |
2 |
|
|a International Union of Theoretical and Applied Mechanics.
|
| 999 |
|
|
|a MARS
|
| 999 |
f |
f |
|s 837434c0-bd7a-3725-9070-db5176025c83
|i 33b60aa1-b253-3f3b-ad6f-6d429f8795be
|t 0
|
| 952 |
f |
f |
|p normal
|a Texas A&M University
|b College Station
|c Sterling C. Evans Library
|d Evans: Library Stacks
|t 0
|e QA913 .I97 1989
|h Library of Congress classification
|i unmediated -- volume
|m A14814037309
|
| 998 |
f |
f |
|a QA913 .I97 1989
|t 0
|l Evans: Library Stacks
|